000
00193 a2200097 4500
001
11950
100
_a
Wilson, H
245
_a
Southeast Asia
260
_a
_b
Cambridge
_c
090
_c
9204
_d
9204
942
_a
NUST-CAE
_c
M
_c
36050
999
_c
247023
_d
247023